Metodika hodnotenia výkonnosti vernostných programov

Analýza realizácie takej marketingovej aktivity, ktorej v teoretickej oblasti absentuje dimenzia sledovania výkonnosti a v praxi sú pri jej realizácii organizácie konfrontované s neefektívnosťou vynakladania predovšetkým finančných prostriedkov.

Salvato in:
Dettagli Bibliografici
Autore principale: Gubíniová, Katarína
Natura: Capitolo di libro
Lingua:slovacco
Soggetti:
Tags: Aggiungi Tag
Nessun Tag, puoi essere il primo ad aggiungerne!!

MARC

LEADER 00000naa a2200000 4500
001 0195171
005 20220722104230.4
041 0 |a slo 
044 |a SK 
245 1 0 |a Metodika hodnotenia výkonnosti vernostných programov  |c Katarína Gubíniová 
520 |a Analýza realizácie takej marketingovej aktivity, ktorej v teoretickej oblasti absentuje dimenzia sledovania výkonnosti a v praxi sú pri jej realizácii organizácie konfrontované s neefektívnosťou vynakladania predovšetkým finančných prostriedkov. 
610 2 0 |a programy vernostné 
610 2 0 |a výkonnosť 
610 2 0 |a efektívnosť ekonomická 
610 2 0 |a odmeňovanie 
610 2 0 |a motivácia 
100 1 |a Gubíniová, Katarína